[Event "ESP-ch 86th"]
[Site "Linares"]
[Date "2021.08.24"]
[Round "9"]
[White "Blazquez Gomez, Miguel"]
[Black "Rodriguez Ferraz, Borja"]
[Result "1/2-1/2"]
[WhiteElo "1996"]
[BlackElo "2242"]
[PlyCount "61"]
[EventDate "2021.08.16"]
[EventType "swiss"]
[EventRounds "9"]
[EventCountry "ESP"]
[SourceTitle "CBM 204 Extra"]
[Source "ChessBase"]
[SourceDate "2021.11.30"]
[SourceVersion "1"]
[SourceVersionDate "2021.11.30"]
[SourceQuality "1"]

1. b3 Nf6 2. Bb2 e6 3. g3 d5 4. Bg2 Be7 5. c4 0-0 6. Nf3 c5 7. cxd5 exd5 8. d4 b6 9. 0-0 Bb7 10. Nc3 Nbd7 11. Rc1 Rc8 12. Bh3 Re8 13. Na4 c4 14. Nc3 a6 15. bxc4 dxc4 16. a4 Bb4 17. Ne5 Bxc3 18. Bxc3 Bd5 19. Rb1 Rb8 20. f3 Qc7 21. e4 Be6 22. Nxd7 Bxd7 23. Bxd7 Nxd7 24. Rf2 h5 25. Qd2 Re6 26. e5 Rh6 27. Qf4 Qc6 28. Kg2 Rd8 29. Rd2 Qxa4 30. d5 Nc5 31. e6 1/2-1/2

[Event "ESP-ch 86th"]
[Site "Linares"]
[Date "2021.08.20"]
[Round "5"]
[White "Garrido Diaz, Jose Antonio"]
[Black "Rodriguez Ferraz, Borja"]
[Result "1/2-1/2"]
[WhiteElo "2046"]
[BlackElo "2242"]
[PlyCount "88"]
[EventDate "2021.08.16"]
[EventType "swiss"]
[EventRounds "9"]
[EventCountry "ESP"]
[SourceTitle "CBM 204 Extra"]
[Source "ChessBase"]
[SourceDate "2021.11.30"]
[SourceVersion "1"]
[SourceVersionDate "2021.11.30"]
[SourceQuality "1"]

1. e4 e5 2. Nf3 Nc6 3. d4 exd4 4. Nxd4 Nf6 5. Nxc6 bxc6 6. Qe2 Qe7 7. Nc3 d5 8. exd5 cxd5 9. Nb5 Qxe2+ 10. Bxe2 Bb4+ 11. c3 Ba5 12. Bf4 Kd7 13. 0-0-0 a6 14. Nd4 Bb7 15. Bf3 Rhe8 16. Bg5 Re5 17. h4 Bb6 18. Bf4 Ree8 19. Rhe1 Rxe1 20. Rxe1 Re8 21. Rxe8 Kxe8 22. Be5 Kf8 23. Be2 Nd7 24. Bf4 g6 25. g4 Ke7 26. Kd2 Nc5 27. f3 Ne6 28. Nxe6 Kxe6 29. b4 c6 30. a4 f6 31. Bd3 c5 32. a5 Bd8 33. h5 cxb4 34. cxb4 Be7 35. Kc3 d4+ 36. Kb3 Bxf3 37. hxg6 hxg6 38. Bxa6 Bd1+ 39. Ka3 Kd5 40. Bd3 Bxg4 41. a6 Kc6 42. Bxg6 Kb6 43. Bd3 Bc8 44. Kb3 Bxa6 1/2-1/2

[Event "ESP-ch 86th"]
[Site "Linares"]
[Date "2021.08.19"]
[Round "4"]
[White "Rodriguez Ferraz, Borja"]
[Black "Rey Martinez, Jaime"]
[Result "1/2-1/2"]
[WhiteElo "2242"]
[BlackElo "2064"]
[PlyCount "70"]
[EventDate "2021.08.16"]
[EventType "swiss"]
[EventRounds "9"]
[EventCountry "ESP"]
[SourceTitle "CBM 204 Extra"]
[Source "ChessBase"]
[SourceDate "2021.11.30"]
[SourceVersion "1"]
[SourceVersionDate "2021.11.30"]
[SourceQuality "1"]

1. d4 d5 2. Nf3 e6 3. e3 Nf6 4. Bd3 Bd6 5. b3 b6 6. Bb2 0-0 7. 0-0 Bb7 8. Ne5 c5 9. Nd2 Nc6 10. a3 Rc8 11. f4 Ne7 12. Qf3 b5 13. dxc5 Bxc5 14. b4 Bb6 15. Rae1 Nf5 16. Ng4 Ne4 17. Nxe4 dxe4 18. Bxe4 Bxe4 19. Qxe4 Qd5 20. Qxd5 exd5 21. Bd4 Nxd4 22. exd4 Bxd4+ 23. Kh1 Rxc2 24. Rd1 Rc4 25. h3 a6 26. Rd3 h5 27. Nh2 Rd8 28. Rfd1 Bf6 29. Nf3 Rxf4 30. Rxd5 Rxd5 31. Rxd5 Bb2 32. Rd3 Rc4 33. Rd8+ Kh7 34. Rd6 f6 35. Rxa6 Rc1+ 1/2-1/2

[Event "ESP-ch 86th"]
[Site "Linares"]
[Date "2021.08.18"]
[Round "3"]
[White "Jimenez Fernandez, Rebeca"]
[Black "Rodriguez Ferraz, Borja"]
[Result "0-1"]
[WhiteElo "1951"]
[BlackElo "2242"]
[PlyCount "108"]
[EventDate "2021.08.16"]
[EventType "swiss"]
[EventRounds "9"]
[EventCountry "ESP"]
[SourceTitle "CBM 204 Extra"]
[Source "ChessBase"]
[SourceDate "2021.11.30"]
[SourceVersion "1"]
[SourceVersionDate "2021.11.30"]
[SourceQuality "1"]

1. e4 e5 2. Nf3 Nc6 3. d4 exd4 4. Nxd4 g6 5. Nc3 Bg7 6. Be3 d6 7. Qd2 Nf6 8. f3 Be6 9. 0-0-0 a6 10. Kb1 Qd7 11. g4 0-0-0 12. h3 h5 13. g5 Ng8 14. Nxc6 Qxc6 15. Bd4 Bxd4 16. Qxd4 Ne7 17. Nd5 Bxd5 18. exd5 Qc5 19. h4 Qxd4 20. Rxd4 c6 21. dxc6 Nxc6 22. Bh3+ Kc7 23. Rf4 Rhf8 24. Re1 d5 25. Rf6 Rd6 26. Rxd6 Kxd6 27. f4 Nd4 28. Re3 f5 29. c3 Ne6 30. Rf3 Re8 31. Kc2 Rc8 32. Kd2 Rc4 33. Ke3 Re4+ 34. Kd2 Nxf4 35. Bf1 Ne6 36. Rh3 Rg4 37. Rh2 Nc5 38. Be2 Rg3 39. c4 d4 40. Bf1 Ke5 41. b4 Ne4+ 42. Kc2 Rc3+ 43. Kb2 f4 44. c5 f3 45. Rc2 Rxc2+ 46. Kxc2 Ng3 47. Bd3 f2 48. a4 f1Q 49. Bxf1 Nxf1 50. b5 axb5 51. axb5 Kd5 52. c6 bxc6 53. b6 Kd6 54. Kd3 c5 0-1

[Event "Las Palmas-ch"]
[Site "Las Palmas"]
[Date "2021.03.30"]
[Round "7.3"]
[White "Rodriguez Ferraz, Borja"]
[Black "Andrades Campo, Francisco"]
[Result "1-0"]
[WhiteElo "2224"]
[BlackElo "1949"]
[PlyCount "75"]
[EventDate "2021.03.26"]
[EventType "tourn"]
[EventRounds "9"]
[EventCountry "ESP"]
[SourceTitle "EXT 2024"]
[Source "ChessBase"]
[SourceDate "2023.10.10"]
[SourceVersion "1"]
[SourceVersionDate "2023.10.10"]
[SourceQuality "1"]

1. Nf3 Nf6 2. c4 g6 3. g3 Bg7 4. Bg2 0-0 5. 0-0 d6 6. d4 c6 7. a4 Qa5 8. Bd2 Qa6 9. Na3 Ne4 10. Be3 h6 11. Nd2 Nxd2 12. Qxd2 Kh7 13. b4 Qb6 14. a5 Qc7 15. f4 Bf5 16. Bf2 Qd7 17. e4 Bh3 18. Bxh3 Qxh3 19. Rab1 Nd7 20. e5 Rfd8 21. Qe2 g5 22. Nc2 gxf4 23. gxf4 Rg8 24. Bg3 h5 25. Kh1 Bh6 26. Qf3 h4 27. Be1 Qf5 28. Rb2 Qg4 29. Ne3 Qxf3+ 30. Rxf3 dxe5 31. dxe5 Rad8 32. Bxh4 f6 33. Rh3 Rg6 34. Rg2 fxe5 35. Bxe7 Rh8 36. Rd2 Nf8 37. f5 Rg7 38. Bf6 1-0

[Event "Las Palmas-ch"]
[Site "Las Palmas"]
[Date "2021.03.29"]
[Round "6.3"]
[White "Hernandez Leon, Alberto"]
[Black "Rodriguez Ferraz, Borja"]
[Result "1/2-1/2"]
[WhiteElo "2285"]
[BlackElo "2224"]
[PlyCount "31"]
[EventDate "2021.03.26"]
[EventType "tourn"]
[EventRounds "9"]
[EventCountry "ESP"]
[SourceTitle "EXT 2024"]
[Source "ChessBase"]
[SourceDate "2023.10.10"]
[SourceVersion "1"]
[SourceVersionDate "2023.10.10"]
[SourceQuality "1"]

1. d4 Nf6 2. Nf3 d5 3. c4 c6 4. e3 e6 5. Nbd2 Be7 6. Bd3 0-0 7. 0-0 Nbd7 8. b3 b6 9. Bb2 Bb7 10. Rc1 Rc8 11. Qe2 Qc7 12. Rfd1 h6 13. h3 Qb8 14. Ne5 Bd6 15. f4 Bxe5 16. fxe5 1/2-1/2

[Event "Las Palmas-ch"]
[Site "Las Palmas"]
[Date "2021.03.27"]
[Round "2.1"]
[White "Guerra Arrocha, Daniel"]
[Black "Rodriguez Ferraz, Borja"]
[Result "0-1"]
[WhiteElo "2091"]
[BlackElo "2224"]
[PlyCount "84"]
[EventDate "2021.03.26"]
[EventType "tourn"]
[EventRounds "9"]
[EventCountry "ESP"]
[SourceTitle "EXT 2024"]
[Source "ChessBase"]
[SourceDate "2023.10.10"]
[SourceVersion "1"]
[SourceVersionDate "2023.10.10"]
[SourceQuality "1"]

1. e4 e5 2. Nf3 Nc6 3. d4 exd4 4. Bc4 Nf6 5. 0-0 Nxe4 6. Re1 d5 7. Bxd5 Qxd5 8. Nc3 Qa5 9. Nxe4 Be6 10. Neg5 0-0-0 11. Nxe6 fxe6 12. Rxe6 Bd6 13. Bg5 Rde8 14. Qe2 Kd7 15. Re1 Qxe1+ 16. Nxe1 Rxe6 17. Qg4 Rhe8 18. Nf3 Ne5 19. Qxd4 Nxf3+ 20. gxf3 Rg6 21. Qg4+ Ree6 22. Kf1 h6 23. Qa4+ c6 24. Be3 a6 25. f4 Rgf6 26. Qd4 Kc8 27. h4 Re7 28. Bd2 Bc7 29. Qa7 Bb8 30. Qa8 Rf5 31. b4 Re4 32. Be3 c5 33. c3 Rc4 34. a4 Rxc3 35. b5 Rf6 36. f5 Rc4 37. b6 Rxf5 38. Kg2 Re5 39. Bd2 Re2 40. Ba5 Rec2 41. Kh3 Rxa4 42. Be1 Ra1 0-1

[Event "Canarias-chT Honor"]
[Site "Spain"]
[Date "2020.02.08"]
[Round "5.1"]
[White "Kurajica, Bojan"]
[Black "Rodriguez Ferraz, Borja"]
[Result "1-0"]
[WhiteElo "2509"]
[BlackElo "2237"]
[PlyCount "59"]
[EventDate "2020.01.11"]
[EventType "team-tourn"]
[EventRounds "9"]
[EventCountry "ESP"]
[SourceTitle "CBM 195 Extra"]
[Source "ChessBase"]
[SourceDate "2020.05.31"]
[SourceVersion "1"]
[SourceVersionDate "2020.05.31"]
[SourceQuality "1"]
[WhiteTeam "Lanzaloe"]
[BlackTeam "Roque Niquiomo"]
[WhiteTeamCountry "ESP"]
[BlackTeamCountry "ESP"]

1. Nf3 Nf6 2. d4 e6 3. g3 b5 4. Qd3 b4 5. a3 c5 6. axb4 cxb4 7. e4 a5 8. e5 Nd5 9. c4 bxc3 10. bxc3 Ba6 11. Qc2 Qc7 12. Bxa6 Rxa6 13. 0-0 f6 14. c4 Nb4 15. Qe2 N8c6 16. exf6 gxf6 17. Nc3 Na7 18. Bf4 Bd6 19. Bh6 Be7 20. Nh4 Kd8 21. d5 Qe5 22. Qd2 Qh5 23. dxe6 Rd6 24. Qe3 Nac6 25. Rad1 Ne5 26. Rxd6 Bxd6 27. Bg7 Rg8 28. Bxf6+ Be7 29. Qb6+ Kc8 30. Nb5 1-0

[Event "Canarias-chT Honor"]
[Site "Spain"]
[Date "2020.01.25"]
[Round "3.1"]
[White "Gutierrez Olivares, Daniel"]
[Black "Rodriguez Ferraz, Borja"]
[Result "1-0"]
[WhiteElo "2358"]
[BlackElo "2237"]
[PlyCount "97"]
[EventDate "2020.01.11"]
[EventType "team-tourn"]
[EventRounds "9"]
[EventCountry "ESP"]
[SourceTitle "CBM 195 Extra"]
[Source "ChessBase"]
[SourceDate "2020.05.31"]
[SourceVersion "1"]
[SourceVersionDate "2020.05.31"]
[SourceQuality "1"]
[WhiteTeam "Ebano Barrio Nuevo"]
[BlackTeam "Roque Niquiomo"]
[WhiteTeamCountry "ESP"]
[BlackTeamCountry "ESP"]

1. Nf3 Nf6 2. b3 d6 3. d4 g6 4. Bb2 Bg7 5. g3 0-0 6. Bg2 c5 7. 0-0 Nc6 8. d5 Nb4 9. c4 e5 10. dxe6 fxe6 11. Nbd2 Qe7 12. a3 Nc6 13. e3 Rb8 14. b4 b6 15. Qa4 Bd7 16. b5 Na5 17. Qc2 d5 18. a4 Rfd8 19. Rad1 Be8 20. Ne5 Rd6 21. e4 d4 22. f4 h6 23. Bf3 Nh7 24. Nd3 e5 25. Bg2 Bf7 26. Bc1 g5 27. fxg5 hxg5 28. Bh3 Bh5 29. Rde1 g4 30. Qd1 Nf6 31. Bg2 Bf7 32. Rf5 Nh7 33. Qxg4 Nxc4 34. Nxc4 Bxc4 35. Nxe5 Be6 36. Nc6 Rxc6 37. bxc6 Re8 38. Bf4 d3 39. Qh5 c4 40. Rd1 Nf6 41. Rxf6 Bxf6 42. e5 Bf7 43. Qg4+ Bg7 44. Be4 Kf8 45. Rf1 Qc5+ 46. Kg2 Kg8 47. Qf5 Re7 48. Qh7+ Kf8 49. Bh6 1-0

[Event "La Palma Island op"]
[Site "Santa Cruz de La Palma"]
[Date "2019.08.13"]
[Round "6"]
[White "Rodriguez Ferraz, Borja"]
[Black "Lemos, Damian"]
[Result "0-1"]
[WhiteElo "2227"]
[BlackElo "2487"]
[PlyCount "80"]
[EventDate "2019.08.09"]
[EventType "swiss"]
[EventRounds "10"]
[EventCountry "ESP"]
[SourceTitle "CBM 191 Extra"]
[Source "ChessBase"]
[SourceDate "2019.09.30"]
[SourceVersion "1"]
[SourceVersionDate "2019.09.30"]
[SourceQuality "1"]

1. c4 g6 2. g3 Bg7 3. Bg2 c5 4. e3 e6 5. Ne2 Ne7 6. Nbc3 Nbc6 7. h4 h6 8. 0-0 0-0 9. b3 d5 10. Bb2 d4 11. Na4 b6 12. exd4 cxd4 13. d3 Bb7 14. b4 Qd7 15. Rb1 Rad8 16. b5 Ne5 17. Nxd4 Bxg2 18. Kxg2 Qb7+ 19. Kh3 Nxd3 20. Qxd3 Bxd4 21. Bxd4 Nf5 22. Qc3 Rxd4 23. Rbd1 Rfd8 24. Rxd4 Rxd4 25. Re1 g5 26. Nb2 gxh4 27. Nd1 hxg3 28. fxg3 Qc7 29. Nf2 Rxc4 30. Qf3 Rc3 31. Qg4+ Kf8 32. Ne4 Rc1 33. Rxc1 Qxc1 34. Qf3 Nd4 35. Qg2 Qd1 36. g4 Qd3+ 37. Ng3 h5 38. Qa8+ Kg7 39. Qxa7 Ne2 40. Qc7 hxg4+ 0-1

[Event "La Palma Island op"]
[Site "Santa Cruz de La Palma"]
[Date "2018.08.17"]
[Round "10"]
[White "Teran Alvarez, Ismael"]
[Black "Rodriguez Ferraz, Borja"]
[Result "1/2-1/2"]
[WhiteElo "2377"]
[BlackElo "2223"]
[PlyCount "63"]
[EventDate "2018.08.10"]
[EventType "swiss"]
[EventRounds "10"]
[EventCountry "ESP"]
[SourceTitle "CBM 186 Extra"]
[Source "ChessBase"]
[SourceDate "2018.08.24"]
[SourceVersion "1"]
[SourceVersionDate "2018.08.24"]
[SourceQuality "1"]

1. c4 Nf6 2. g3 e6 3. Bg2 Be7 4. Nf3 0-0 5. 0-0 d5 6. d4 c6 7. Qc2 Nbd7 8. Nc3 Re8 9. Rd1 Qa5 10. Bf4 h6 11. Ne5 Nxe5 12. dxe5 Nd7 13. cxd5 exd5 14. e6 Nf6 15. exf7+ Kxf7 16. a3 Bg4 17. b4 Qb6 18. Rd2 a5 19. Be3 Qd8 20. b5 Qc8 21. bxc6 bxc6 22. Bd4 Bh3 23. Bh1 Qe6 24. Qa2 Rad8 25. Rad1 h5 26. Rd3 h4 27. Re3 Qf5 28. Re5 Qh7 29. Ne4 Nxe4 30. Bxe4 Qh6 31. Bd3 Qd6 32. Rh5 1/2-1/2

[Event "La Palma Island op"]
[Site "Santa Cruz de La Palma"]
[Date "2018.08.12"]
[Round "3"]
[White "Rodriguez Ferraz, Borja"]
[Black "Rychagov, Andrey"]
[Result "0-1"]
[WhiteElo "2223"]
[BlackElo "2539"]
[PlyCount "66"]
[EventDate "2018.08.10"]
[EventType "swiss"]
[EventRounds "10"]
[EventCountry "ESP"]
[SourceTitle "CBM 186 Extra"]
[Source "ChessBase"]
[SourceDate "2018.08.24"]
[SourceVersion "1"]
[SourceVersionDate "2018.08.24"]
[SourceQuality "1"]

1. d4 f5 2. Nf3 Nf6 3. g3 g6 4. Bg2 Bg7 5. 0-0 0-0 6. b3 d6 7. Bb2 Qe8 8. Re1 a5 9. Nbd2 Nc6 10. e4 fxe4 11. Nxe4 Nxe4 12. Rxe4 Bf5 13. Rh4 Bf6 14. Qd2 e6 15. Ng5 Qd8 16. f4 d5 17. g4 Bxg5 18. fxg5 Be4 19. Qe3 Bxg2 20. Kxg2 Qd6 21. Re1 Rae8 22. c4 Nb4 23. Qe2 Rf4 24. c5 Qe7 25. Bc1 Re4 26. Qd2 Rxe1 27. Qxe1 Nd3 28. Qd2 Nxc1 29. Qxc1 e5 30. dxe5 Qxe5 31. Qd1 Qe4+ 32. Qf3 Qc2+ 33. Kh3 Qd2 0-1

[Event "La Palma Island op"]
[Site "Santa Cruz de La Palma"]
[Date "2016.08.29"]
[Round "3"]
[White "Starostits, Ilmars"]
[Black "Rodriguez Ferraz, Borja"]
[Result "1-0"]
[WhiteElo "2444"]
[BlackElo "2224"]
[PlyCount "73"]
[EventDate "2016.08.27"]
[EventType "swiss"]
[EventRounds "9"]
[EventCountry "ESP"]
[SourceTitle "CBM 174 Extra"]
[Source "ChessBase"]
[SourceDate "2016.10.10"]
[SourceVersion "1"]
[SourceVersionDate "2016.10.10"]
[SourceQuality "1"]

1. Nf3 Nf6 2. b3 e6 3. Bb2 Be7 4. e3 0-0 5. d4 b6 6. Bd3 Bb7 7. Nbd2 c5 8. c4 Qc7 9. 0-0 Ng4 10. h3 Nh6 11. e4 f5 12. d5 fxe4 13. Nxe4 exd5 14. cxd5 Bxd5 15. Nfg5 Nc6 16. Nxh7 Rf4 17. Nef6+ Bxf6 18. Nxf6+ gxf6 19. Qh5 Ne5 20. Qxh6 Nxd3 21. Bxf6 Rxf6 22. Qg5+ Kh7 23. Qxd5 Nf4 24. Qxa8 d5 25. Kh1 Qg7 26. Rg1 Qd7 27. Qb8 Qf5 28. Rae1 Rf7 29. Re5 Qd3 30. Rg5 Kh6 31. Rg4 Ng6 32. f4 Qe4 33. Rf1 Rf5 34. Qxa7 Rh5 35. Rf3 Qf5 36. Rfg3 Qb1+ 37. Kh2 1-0

[Event "Las Palmas Insular-chT Pref"]
[Site "Las Palmas "]
[Date "2016.03.05"]
[Round "13.3"]
[White "Alvarado Ascanio, Francisco"]
[Black "Rodriguez Ferraz, Borja"]
[Result "1/2-1/2"]
[WhiteElo "2198"]
[BlackElo "2223"]
[PlyCount "103"]
[EventDate "2015.10.17"]
[EventType "team-tourn"]
[EventRounds "14"]
[EventCountry "ESP"]
[SourceTitle "EXT 2017"]
[Source "ChessBase"]
[SourceDate "2016.10.25"]
[SourceVersion "1"]
[SourceVersionDate "2016.10.25"]
[SourceQuality "1"]
[WhiteTeam "Tres W"]
[BlackTeam "Hotel Avda de Canarias"]
[WhiteTeamCountry "ESP"]
[BlackTeamCountry "ESP"]

1. d4 Nf6 2. c4 g6 3. Nc3 d5 4. cxd5 Nxd5 5. Bd2 Bg7 6. e4 Nxc3 7. Bxc3 c5 8. d5 Bxc3+ 9. bxc3 Qa5 10. Qd2 Nd7 11. Rb1 a6 12. Nf3 Nf6 13. c4 Qxd2+ 14. Nxd2 0-0 15. Be2 b5 16. cxb5 axb5 17. Bxb5 Rxa2 18. Bc4 Ra4 19. f3 Nd7 20. 0-0 Ne5 21. Rfc1 Bd7 22. f4 Nxc4 23. Rxc4 Rxc4 24. Nxc4 Ba4 25. Rb2 Rd8 26. Kf2 f5 27. Nb6 Be8 28. e5 Kf7 29. Ke3 g5 30. fxg5 Kg6 31. h4 Kh5 32. Kf4 c4 33. Kxf5 c3 34. Rb4 c2 35. Rc4 Rb8 36. Ke6 Rxb6+ 37. Kxe7 Ba4 38. d6 Rc6 39. Rxc2 Rxc2 40. e6 Kxh4 41. d7 Rc7 42. Kd6 Rc6+ 43. Ke7 Rc7 44. Kd6 Rc3 45. d8Q Rd3+ 46. Kc7 Rxd8 47. Kxd8 Kxg5 48. e7 Kg4 49. e8Q Bxe8 50. Kxe8 Kg3 51. Kf7 Kxg2 52. Kf6 1/2-1/2

[Event "Las Palmas Insular-chT Pref"]
[Site "Las Palmas "]
[Date "2016.01.16"]
[Round "9.3"]
[White "Rodriguez Ferraz, Borja"]
[Black "Diaz Suarez, Cayetano"]
[Result "1-0"]
[WhiteElo "2224"]
[BlackElo "1857"]
[PlyCount "99"]
[EventDate "2015.10.17"]
[EventType "team-tourn"]
[EventRounds "14"]
[EventCountry "ESP"]
[SourceTitle "CBM 170 Extra"]
[Source "ChessBase"]
[SourceDate "2016.02.25"]
[SourceVersion "1"]
[SourceVersionDate "2016.02.25"]
[SourceQuality "1"]
[WhiteTeam "Hotel Avda de Canarias"]
[BlackTeam "Univacit Guia"]
[WhiteTeamCountry "ESP"]
[BlackTeamCountry "ESP"]

1. d4 f5 2. Nc3 e6 3. h4 d5 4. Bg5 Be7 5. Nf3 Nf6 6. e3 c6 7. Ne2 Ne4 8. Bxe7 Qxe7 9. c3 Nd7 10. Nf4 Ndf6 11. Ne5 Bd7 12. f3 Nd6 13. Qb3 0-0-0 14. Qa3 Rhe8 15. Qxa7 Kc7 16. Qa5+ Kb8 17. Nfd3 Bc8 18. Qb4 Qc7 19. Nc5 b6 20. a4 Bb7 21. Nxb7 Nxb7 22. a5 b5 23. a6 Nd6 24. Qc5 Rc8 25. a7+ Kb7 26. Qa3 Ka8 27. b3 Re7 28. Nd3 Nb7 29. Kf2 Rf7 30. Nb4 Nd7 31. c4 f4 32. e4 Qb6 33. Nc2 Nf6 34. e5 Nd7 35. Qa6 bxc4 36. bxc4 Qb3 37. Qa2 Qb6 38. Be2 Qd8 39. Qa6 Rc7 40. cxd5 cxd5 41. Na3 Nf8 42. Nb5 Rc2 43. Rab1 Qc8 44. Nd6 Qc3 45. Rhd1 Qe3+ 46. Kf1 Rxe2 47. Qxe2 Qxe2+ 48. Kxe2 Nxd6 49. exd6 Rxa7 50. Ra1 1-0

[Event "Las Palmas Insular-chT Pref"]
[Site "Las Palmas "]
[Date "2015.12.05"]
[Round "5.3"]
[White "Rodriguez Muela, Juan Argelio"]
[Black "Rodriguez Ferraz, Borja"]
[Result "0-1"]
[WhiteElo "1525"]
[BlackElo "2224"]
[PlyCount "48"]
[EventDate "2015.10.17"]
[EventType "team-tourn"]
[EventRounds "14"]
[EventCountry "ESP"]
[SourceTitle "CBM 170 Extra"]
[Source "ChessBase"]
[SourceDate "2016.02.25"]
[SourceVersion "1"]
[SourceVersionDate "2016.02.25"]
[SourceQuality "1"]
[WhiteTeam "Piscolabis Oleaje San Andres"]
[BlackTeam "Hotel Avda de Canarias"]
[WhiteTeamCountry "ESP"]
[BlackTeamCountry "ESP"]

1. e4 e5 2. Nf3 Nc6 3. Bb5 a6 4. Ba4 Nf6 5. 0-0 b5 6. Bb3 Bc5 7. c3 d6 8. d4 Bb6 9. Bg5 h6 10. Bh4 g5 11. dxe5 Nxe5 12. Nxe5 dxe5 13. Bg3 Qe7 14. h3 Bb7 15. Bd5 c6 16. Bb3 Nxe4 17. Kh2 Bc7 18. Re1 Nxg3 19. fxg3 c5 20. Bxf7+ Qxf7 21. Rf1 Qg6 22. Na3 Rd8 23. Qb3 Rd2 24. Rg1 Qc6 0-1

[Event "Las Palmas Insular-chT Pref"]
[Site "Las Palmas "]
[Date "2015.11.28"]
[Round "4.3"]
[White "Rodriguez Ferraz, Borja"]
[Black "Garcia Padron, Jose"]
[Result "0-1"]
[WhiteElo "2224"]
[BlackElo "2405"]
[PlyCount "72"]
[EventDate "2015.10.17"]
[EventType "team-tourn"]
[EventRounds "14"]
[EventCountry "ESP"]
[SourceTitle "CBM 170 Extra"]
[Source "ChessBase"]
[SourceDate "2016.02.25"]
[SourceVersion "1"]
[SourceVersionDate "2016.02.25"]
[SourceQuality "1"]
[WhiteTeam "Hotel Avda de Canarias"]
[BlackTeam "Goya Villa de Teror"]
[WhiteTeamCountry "ESP"]
[BlackTeamCountry "ESP"]

1. d4 d5 2. c4 dxc4 3. Nf3 Nf6 4. Bg5 c6 5. Nc3 Be6 6. e4 Nbd7 7. d5 cxd5 8. exd5 Bg4 9. Qd4 Bxf3 10. gxf3 g6 11. 0-0-0 Bg7 12. d6 Qa5 13. f4 e6 14. Qxc4 h6 15. Bxf6 Bxf6 16. Ne4 Bg7 17. Kb1 a6 18. a3 Qf5 19. Bd3 Qxf4 20. Qc7 Rd8 21. Rhe1 0-0 22. Re2 b5 23. Qc6 Nb8 24. Qc7 Qxh2 25. Bc2 Qh5 26. Ng3 Qf3 27. d7 h5 28. Be4 Qg4 29. f3 Qg5 30. Bb7 Rxd7 31. Rxd7 Nxd7 32. Ne4 Qg1+ 33. Ka2 Ne5 34. Nc5 Nc4 35. Bxa6 Qd1 36. Rg2 Nd2 0-1

[Event "ESP-chT Liga Insular Pref 1415"]
[Site "Las Palmas"]
[Date "2015.04.18"]
[Round "14.3"]
[White "Rodriguez Ferraz, Borja"]
[Black "Henriquez Garcia, David"]
[Result "1-0"]
[WhiteElo "2190"]
[BlackElo "1981"]
[PlyCount "39"]
[EventDate "2014.11.22"]
[EventType "team-tourn"]
[EventRounds "14"]
[EventCountry "ESP"]
[SourceTitle "EXT 2018"]
[Source "ChessBase"]
[SourceDate "2017.10.13"]
[SourceVersion "1"]
[SourceVersionDate "2017.10.13"]
[SourceQuality "1"]
[WhiteTeam "La Caja de Vecindario"]
[BlackTeam "Anand Iberia"]
[WhiteTeamCountry "ESP"]
[BlackTeamCountry "ESP"]

1. d4 Nf6 2. Nf3 b6 3. c4 Bb7 4. g3 g6 5. Bg2 Bg7 6. 0-0 0-0 7. Re1 c5 8. d5 d6 9. e4 a6 10. Nc3 e5 11. dxe6 fxe6 12. Ng5 Qe7 13. Bh3 Bc8 14. Na4 h6 15. Nxb6 hxg5 16. Nxa8 Bb7 17. Nb6 Nxe4 18. f3 Bd4+ 19. Be3 Nd2 20. Qxd2 1-0

[Event "Las Palmas Insular-chT Pref"]
[Site "Las Palmas"]
[Date "2015.03.21"]
[Round "11.3"]
[White "Menvielle Laccourreye, Augusto"]
[Black "Rodriguez Ferraz, Borja"]
[Result "1/2-1/2"]
[WhiteElo "2138"]
[BlackElo "2190"]
[PlyCount "106"]
[EventDate "2014.11.22"]
[EventType "team-tourn"]
[EventRounds "14"]
[EventCountry "ESP"]
[SourceTitle "EXT 2016"]
[Source "ChessBase"]
[SourceDate "2015.10.08"]
[SourceVersion "1"]
[SourceVersionDate "2015.10.08"]
[SourceQuality "1"]
[WhiteTeam "La Caja de Canarias"]
[BlackTeam "La Caja de Vecindario"]
[WhiteTeamCountry "ESP"]
[BlackTeamCountry "ESP"]

1. e4 e5 2. Nc3 Nf6 3. g3 Bc5 4. Bg2 c6 5. Nf3 d6 6. 0-0 0-0 7. h3 Re8 8. d3 h6 9. Kh2 Bb6 10. Nh4 d5 11. Qf3 Be6 12. Nf5 Kh7 13. g4 dxe4 14. dxe4 Bxf5 15. Qxf5+ g6 16. Qf3 Kg7 17. Na4 Nbd7 18. Nxb6 Qxb6 19. b3 Nc5 20. Be3 Nfd7 21. Rad1 Qc7 22. Rd2 Ne6 23. Rfd1 Ndf8 24. Bf1 Qe7 25. a4 Ng5 26. Qg2 Qf6 27. Be2 Nfe6 28. h4 Nh7 29. Qg3 g5 30. h5 Nf4 31. Bc4 Nf8 32. f3 Qe7 33. Qf2 b6 34. c3 Red8 35. b4 Qc7 36. Bb3 N8e6 37. Qf1 Rac8 38. Qc4 Rxd2+ 39. Rxd2 Rd8 40. Rxd8 Qxd8 41. Bc2 c5 42. b5 Qd6 43. Kg3 Nd8 44. Kf2 Nb7 45. Bb3 Ne6 46. Qd5 Qxd5 47. Bxd5 Ned8 48. Ke2 Na5 49. Kd3 f6 50. Bd2 Kf8 51. c4 Ndb7 52. Bc3 Ke7 53. Be1 Nd6 1/2-1/2

[Event "Gran Canaria Cabildo op"]
[Site "Gran Canaria"]
[Date "2015.03.20"]
[Round "7"]
[White "Rodriguez Ferraz, Borja"]
[Black "Alonso Valiente, Alexis"]
[Result "1-0"]
[WhiteElo "2190"]
[BlackElo "2022"]
[PlyCount "71"]
[EventDate "2015.02.27"]
[EventType "swiss"]
[EventRounds "7"]
[EventCountry "ESP"]
[SourceTitle "CBM 165 Extra"]
[Source "ChessBase"]
[SourceDate "2015.04.21"]
[SourceVersion "1"]
[SourceVersionDate "2015.04.21"]
[SourceQuality "1"]

1. d4 Nf6 2. c4 c5 3. d5 b5 4. cxb5 a6 5. b6 Qxb6 6. Nc3 d6 7. e4 g6 8. Nf3 Bg7 9. Nd2 Nbd7 10. a4 a5 11. Bb5 0-0 12. Qe2 Bb7 13. 0-0 Qc7 14. Nc4 Nb6 15. Ne3 e6 16. Rd1 exd5 17. exd5 Qe7 18. Ra3 Rac8 19. Qf1 Nh5 20. Rb3 Nf6 21. Bc6 Bxc6 22. Rxb6 Bd7 23. Nc4 Ng4 24. Bf4 Be5 25. Bxe5 dxe5 26. h3 Nf6 27. Nxa5 Rb8 28. Rxb8 Rxb8 29. Qe2 Rb4 30. Nc4 e4 31. a5 Nh5 32. g3 Bxh3 33. d6 Qb7 34. Nd5 Rb3 35. Qxe4 Nxg3 36. Ne7+ 1-0